000 00482nam a2200193Ia 4500
005 20230322135038.0
008 131103s9999 xx 000 0 und d
020 _cRs.7.50
040 _aLoreto College
041 _aEnglish
082 _a891.441
_bRAY
100 _aRay, Himangshu Kumar
245 _aBiggani Kabi
_cHimanshu Kumar Ray
260 _aCalcutta
_bSobdosotodal Publication
_c1973
300 _a120p.
650 _aBengli poetry
850 _aLCLIB
942 _cBK
999 _c21143
_d71622